<?xml version="1.0" encoding="UTF-8"?><?xml-stylesheet type="text/xsl" href="static/style.xsl"?><OAI-PMH xmlns="http://www.openarchives.org/OAI/2.0/" xmlns:xsi="http://www.w3.org/2001/XMLSchema-instance" xsi:schemaLocation="http://www.openarchives.org/OAI/2.0/ http://www.openarchives.org/OAI/2.0/OAI-PMH.xsd"><responseDate>2026-04-29T20:38:14Z</responseDate><request verb="GetRecord" identifier="oai:riubu.ubu.es:10259/5243" metadataPrefix="marc">https://riubu.ubu.es/oai/request</request><GetRecord><record><header><identifier>oai:riubu.ubu.es:10259/5243</identifier><datestamp>2024-05-15T10:40:08Z</datestamp><setSpec>com_10259_4725</setSpec><setSpec>com_10259_5086</setSpec><setSpec>com_10259_2604</setSpec><setSpec>col_10259_4726</setSpec></header><metadata><record xmlns="http://www.loc.gov/MARC21/slim" xmlns:doc="http://www.lyncode.com/xoai" xmlns:xsi="http://www.w3.org/2001/XMLSchema-instance" xmlns:dcterms="http://purl.org/dc/terms/" xsi:schemaLocation="http://www.loc.gov/MARC21/slim http://www.loc.gov/standards/marcxml/schema/MARC21slim.xsd">
<leader>00925njm 22002777a 4500</leader>
<datafield tag="042" ind1=" " ind2=" ">
<subfield code="a">dc</subfield>
</datafield>
<datafield tag="720" ind1=" " ind2=" ">
<subfield code="a">González López, Tomás José</subfield>
<subfield code="e">author</subfield>
</datafield>
<datafield tag="720" ind1=" " ind2=" ">
<subfield code="a">Sánchez González, Blanca</subfield>
<subfield code="e">author</subfield>
</datafield>
<datafield tag="720" ind1=" " ind2=" ">
<subfield code="a">Jarque, Isidro</subfield>
<subfield code="e">author</subfield>
</datafield>
<datafield tag="720" ind1=" " ind2=" ">
<subfield code="a">Bernat, Silvia</subfield>
<subfield code="e">author</subfield>
</datafield>
<datafield tag="720" ind1=" " ind2=" ">
<subfield code="a">Fernández Fuertes, Fernando</subfield>
<subfield code="e">author</subfield>
</datafield>
<datafield tag="720" ind1=" " ind2=" ">
<subfield code="a">Caparrós, Isabel</subfield>
<subfield code="e">author</subfield>
</datafield>
<datafield tag="720" ind1=" " ind2=" ">
<subfield code="a">Soto, Inmaculada</subfield>
<subfield code="e">author</subfield>
</datafield>
<datafield tag="720" ind1=" " ind2=" ">
<subfield code="a">Fernández Rodríguez, Angeles</subfield>
<subfield code="e">author</subfield>
</datafield>
<datafield tag="720" ind1=" " ind2=" ">
<subfield code="a">Bolaños, Estefanía</subfield>
<subfield code="e">author</subfield>
</datafield>
<datafield tag="720" ind1=" " ind2=" ">
<subfield code="a">Pérez Rus, Gloria</subfield>
<subfield code="e">author</subfield>
</datafield>
<datafield tag="720" ind1=" " ind2=" ">
<subfield code="a">Pascual, Cristina</subfield>
<subfield code="e">author</subfield>
</datafield>
<datafield tag="720" ind1=" " ind2=" ">
<subfield code="a">Hernández Rivas, José Angel</subfield>
<subfield code="e">author</subfield>
</datafield>
<datafield tag="720" ind1=" " ind2=" ">
<subfield code="a">López Ansoar, Elsa</subfield>
<subfield code="e">author</subfield>
</datafield>
<datafield tag="720" ind1=" " ind2=" ">
<subfield code="a">Gómez Nuñez, Marta</subfield>
<subfield code="e">author</subfield>
</datafield>
<datafield tag="720" ind1=" " ind2=" ">
<subfield code="a">Martínez Robles, Violeta</subfield>
<subfield code="e">author</subfield>
</datafield>
<datafield tag="720" ind1=" " ind2=" ">
<subfield code="a">Olivera, Pavel</subfield>
<subfield code="e">author</subfield>
</datafield>
<datafield tag="720" ind1=" " ind2=" ">
<subfield code="a">Yera Cobo, Maria</subfield>
<subfield code="e">author</subfield>
</datafield>
<datafield tag="720" ind1=" " ind2=" ">
<subfield code="a">Peñarrubia, María Jesús</subfield>
<subfield code="e">author</subfield>
</datafield>
<datafield tag="720" ind1=" " ind2=" ">
<subfield code="a">Fernández Miñano, Carmen</subfield>
<subfield code="e">author</subfield>
</datafield>
<datafield tag="720" ind1=" " ind2=" ">
<subfield code="a">Cabo, Erik</subfield>
<subfield code="e">author</subfield>
</datafield>
<datafield tag="720" ind1=" " ind2=" ">
<subfield code="a">Martínez Badas, María Paz</subfield>
<subfield code="e">author</subfield>
</datafield>
<datafield tag="720" ind1=" " ind2=" ">
<subfield code="a">Perdomo Hernández, Germán M.</subfield>
<subfield code="e">author</subfield>
</datafield>
<datafield tag="720" ind1=" " ind2=" ">
<subfield code="a">García Frade, Luis Javier</subfield>
<subfield code="e">author</subfield>
</datafield>
<datafield tag="260" ind1=" " ind2=" ">
<subfield code="c">2020-03</subfield>
</datafield>
<datafield tag="520" ind1=" " ind2=" ">
<subfield code="a">Background&#xd;
Eltrombopag is useful for immune thrombocytopenia (ITP). However, results of clinical trials may not accurately mirror clinical practice reality. Here we evaluated eltrombopag for primary and secondary ITP in our ≥65‐year‐old population.&#xd;
&#xd;
Methods&#xd;
A total of 106 primary ITP patients (16 with newly diagnosed ITP, 16 with persistent ITP, and 74 with chronic ITP) and 39 secondary ITP patients (20 with ITP secondary to immune disorders, 7 with ITP secondary to infectious diseases, and 12 with ITP secondary to lymphoproliferative disorders [LPD]) were retrospectively evaluated.&#xd;
&#xd;
Results&#xd;
Median age of our cohort was 76 (interquartile range, IQR, 70‐81) years. 75.9% of patients yielded a platelet response including 66.2% complete responders. Median time to platelet response was 14 (IQR, 8‐21) days. Median time on response was 320 (IQR, 147‐526) days. Sixty‐three adverse events (AEs), mainly grade 1‐2, occurred. The most common were hepatobiliary laboratory abnormalities (HBLAs) and headaches. One transient ischemic attack in a newly diagnosed ITP and two self‐limited pulmonary embolisms in secondary ITP were the only thrombotic events observed.&#xd;
&#xd;
Conclusion&#xd;
Eltrombopag showed efficacy and safety in ITP patients aged ≥65 years with primary and secondary ITP. However, efficacy results in LPD‐ITP were poor. A relatively high number of deaths were observed.</subfield>
</datafield>
<datafield tag="024" ind2=" " ind1="8">
<subfield code="a">0902-4441</subfield>
</datafield>
<datafield tag="024" ind2=" " ind1="8">
<subfield code="a">http://hdl.handle.net/10259/5243</subfield>
</datafield>
<datafield tag="024" ind2=" " ind1="8">
<subfield code="a">10.1111/ejh.13370</subfield>
</datafield>
<datafield tag="024" ind2=" " ind1="8">
<subfield code="a">1600-0609</subfield>
</datafield>
<datafield ind1=" " ind2=" " tag="653">
<subfield code="a">Elderly</subfield>
</datafield>
<datafield ind1=" " ind2=" " tag="653">
<subfield code="a">Eltrombopag</subfield>
</datafield>
<datafield ind1=" " ind2=" " tag="653">
<subfield code="a">Immune thrombocytopenia</subfield>
</datafield>
<datafield ind1=" " ind2=" " tag="653">
<subfield code="a">Primary</subfield>
</datafield>
<datafield ind1=" " ind2=" " tag="653">
<subfield code="a">Secondary</subfield>
</datafield>
<datafield tag="245" ind1="0" ind2="0">
<subfield code="a">Use of eltrombopag for patients 65 years old or older with immune thrombocytopenia</subfield>
</datafield>
</record></metadata></record></GetRecord></OAI-PMH>